|
|
|
|
| LEADER |
00000nab a2200000 a 4500 |
| 001 |
vtls000507526 |
| 003 |
SK-MaSNL |
| 005 |
20260319074059.0 |
| 008 |
160202c1994 xo 0 hun |
| 015 |
|
|
|a SNBRB19rr/mm-uuuuu
|
| 035 |
|
|
|a CL0507664
|
| 040 |
|
|
|a SNKBUCL
|b slo
|c SNKBUCL
|e AACR2
|
| 041 |
0 |
|
|a hun
|
| 044 |
|
|
|a xo
|c SK
|
| 080 |
|
|
|a 323.15(437.6=945.11)(091)
|2 1981
|
| 080 |
|
|
|a 325.27(437.6=945.11)(091)
|2 1981
|
| 080 |
|
|
|a 943.7
|2 1981
|
| 100 |
1 |
|
|a Fónod, Zoltán,
|d 1930-2021
|4 aut
|9 220458
|
| 245 |
1 |
0 |
|a Érdemes-e vallatni a történelmet...
|b Vita egy könyvrecenzió ürügyén
|c Zoltán Fónod
|
| 650 |
0 |
7 |
|a Maďari na Slovensku
|2 snkbucl
|9 373044
|
| 650 |
0 |
7 |
|a reslovakizácia
|2 snkbucl
|9 835390
|
| 655 |
|
7 |
|a články z novín a časopisov
|2 snkbucl
|9 267496
|
| 700 |
1 |
|
|a Vadkerty, Katalin,
|d 1928-
|4 aut
|9 109171
|
| 773 |
0 |
|
|t Új szó
|g Roč. 47, č. 2 (4. 2. 1994), s. 7
|
| 787 |
0 |
8 |
|i Rec.:
|a Vadkerty, Katalin
|t A reszlovakizáció
|d Bratislava : Kalligram, 1993
|
| 850 |
|
|
|a Slovenská národná knižnica v Martine
|a DSG001
|
| 852 |
|
|
|a SNK
|b KIS3GCP
|
| 958 |
|
|
|a RK
|
| 958 |
|
|
|a HU
|
| 992 |
|
|
|a RBX
|
| 999 |
|
|
|c 1575430
|d 1577360
|